Bratislavské domy závodný časopis Bytového podniku mesta Bratislavy

Bibliographic Details
Corporate Authors: Bytový podnik mesta Bratislavy (Slovensko) (Publisher), Merkantilné tlačiarne, n.p. (Bratislava, Slovensko) (tlač.)
Other Authors: Medek, Vincent, 1914-1972 (Publishing director)
Format: Journal
Language:Slovak
PhysicalDescription:2 roč. 22 x 31 cm
Published: Bratislava [Bytový podnik mesta Bratislavy] 1953-1955
Subjects:

MARC

LEADER 00000nas a22000001a 4500
001 vtls010301040
003 SK-MaSNL
005 20260228162924.0
008 110810d19531955xo mr p r 0 b0slo
015 |a SNBDS17XX9999 
015 |a 0066  |2 Balúnová 1945-60 
038 |a SNKBUDS 
040 |a SNK  |b slo  |c SNK  |e AACR2 
041 0 |a slo 
044 |a xo  |c SK 
080 |a 351.778.5  |2 2001 
080 |a 332.8  |2 2001 
245 0 0 |a Bratislavské domy  |b závodný časopis Bytového podniku mesta Bratislavy 
260 |a Bratislava  |b [Bytový podnik mesta Bratislavy]  |c 1953-1955 
300 |a 2 roč.  |c 22 x 31 cm 
310 |a Periodicita nie je známa 
362 0 |a Roč. I, č. 1 (1.11.1953)-roč. II, č. 4 (1955) 
500 |a V tiráži: Závodný časopis zamestnancov Bytového podniku mesta Bratislavy 
500 |a Vych. v Bratislave mesačne 
500 |a Zodp. ved. Vincent Medek s red. krúžkom 
500 |a Tlač. Merkantilné tlačiarne, záv. Concordia, od 3/I (1953/1954) sa uvádzajú len Merkantilné tlačiarne v Bratislave 
500 |a Vych. od 1. nov. 1953. Pov. HS polygrafického a gramofonového priemyslu, vydavateľstiev a knižného obchodu pri Úrade predsedníctva vlády, Správy pre Slovensko pod. č. 7-2629/1953 zo dňa 29. sept. 1953. Čas. zanikol 
505 8 0 |g Roč. I. 1953/54 12 č. po 4-6-8 s. 
505 8 0 |g Roč. II. 1955 4 č. po 4 s. 
610 2 7 |a Bytový podnik mesta Bratislavy (Slovensko)  |x časopisy  |2 SNKBUDS  |9 272516 
650 0 7 |a bytové hospodárstvo  |2 SNKPH  |9 3904 
650 0 7 |a obytné domy  |2 SNKBUDS  |9 66500 
655 7 |a podnikové časopisy  |2 SNKBUDS  |9 265225 
700 1 |a Medek, Vincent,  |d 1914-1972  |4 pbd  |9 145658 
710 2 |a Bytový podnik mesta Bratislavy (Slovensko)  |e vydav.  |9 272517 
710 2 |a Merkantilné tlačiarne, n.p. (Bratislava, Slovensko)  |e tlač.  |9 268817 
852 |a SNK  |b 10000  |h ČSB 1426 
852 |a SVKKK  |b 900000  |h C 324 
999 |c 8562  |d 10492